Paul Gauguin

Guardat en:
Dades bibliogràfiques
Format: Llibre
Idioma:espanyol
Publicat: Barcelona Polígrafa 1995
Matèries:
Etiquetes: Afegir etiqueta
Sense etiquetes, Sigues el primer a etiquetar aquest registre!

MARC

LEADER 00000nam a2200000 a 4500
001 UCS1920
003 CL-VaPUC
008 970516e19950000SP |||||||||||||||||spa|d
082 0 4 |a 750.05  |b PAU  |2 21 
245 1 0 |a Paul Gauguin 
300 |a 58 p 
942 |c BK 
945 |d 19970516 00:00:00  |a amoreno 
260 |a Barcelona  |b Polígrafa  |c 1995 
600 0 7 |a GAUGUIN, PAUL  |2 CL-VaPUC  |9 266118 
650 0 |a Pintura francesa  |9 266122 
650 0 |a Pintores franceses   |9 340354 
650 7 |a EXPRESIONISMO  |2 CL-VaPUC  |9 268711 
651 7 |a TAHITI  |2 CL-VaPUC  |9 266824 
583 |a last modification  |c 19970516 00:00:00  |k Rodrigo Vera 
999 |c 259932  |d 259930 
952 |0 0  |1 0  |4 0  |6 750_050000000000000_PAU_1995  |7 0  |8 R  |9 285464  |a BIBART  |b BIBART  |d 2019-11-19  |i 3305929  |o 750.05 PAU 1995  |p 3305929  |r 2025-03-13  |w 2019-11-19  |y BK_R  |k ART